[Event "MCRE_SF20"]
[Site "?"]
[Date "2009.??.??"]
[Round "2"]
[White "Kratochvil, Vaclav"]
[Black "Kudr, Roman"]
[Result "1-0"]
[WhiteElo "2172"]
[BlackElo "2223"]
[PlyCount "89"]
[EventDate "2009.??.??"]
[EventType "corr"]

1. e4 g6 2. d4 Bg7 3. Nc3 d6 4. Nf3 c6 5. Be2 Nd7 6. O-O Qc7 7. Be3 Ngf6 8. a4
e5 9. dxe5 Nxe5 10. Qd2 Nfg4 11. Bf4 O-O 12. Rfd1 Nxf3+ 13. gxf3 Ne5 14. Qxd6
Qxd6 15. Rxd6 f5 16. Bc1 fxe4 17. fxe4 Bg4 18. f4 Bxe2 19. Nxe2 Nc4 20. Rd7
Rae8 21. Ng3 Rf7 22. Rxf7 Kxf7 23. Kf2 Bxb2 24. Bxb2 Nxb2 25. Rb1 Nxa4 26.
Rxb7+ Re7 27. Rb4 Nb6 28. Rb3 Rc7 29. h4 Nc8 30. Ra3 Rb7 31. Ne2 Nd6 32. Kf3
Re7 33. e5 Nf5 34. h5 Ke6 35. hxg6 hxg6 36. Ke4 Rb7 37. c3 Kd7 38. Ra6 Rc7 39.
Nd4 Nxd4 40. cxd4 Ke7 41. Kd3 Kd7 42. d5 cxd5 43. Rxg6 Rc1 44. f5 Rf1 45. Rd6+
1-0

[Event "MCRE_SF20"]
[Site "?"]
[Date "2009.??.??"]
[Round "1"]
[White "Kudr, Roman"]
[Black "Stika, Vaclav"]
[Result "1/2-1/2"]
[WhiteElo "2223"]
[BlackElo "2130"]
[PlyCount "62"]
[EventDate "2009.??.??"]
[EventType "corr"]

1. e4 c5 2. Nf3 Nc6 3. Bb5 g6 4. O-O Bg7 5. Nc3 Nf6 6. h3 O-O 7. e5 Ne8 8. Bxc6
bxc6 9. d4 cxd4 10. Qxd4 Nc7 11. Qh4 d5 12. Bh6 Ne6 13. Bxg7 Kxg7 14. Rfe1 Rb8
15. b3 c5 16. Rad1 d4 17. Ne4 Bb7 18. Nfg5 Nxg5 19. Qxg5 h6 20. Qg3 Qa5 21. Qh4
Qc7 22. f4 Rfe8 23. Rd3 Qc8 24. e6 Qxe6 25. Nxc5 Qc6 26. Nxb7 Qxc2 27. Red1
Rxb7 28. Qf2 Qxf2+ 29. Kxf2 e5 30. fxe5 Rxe5 31. Rxd4 Rbe7 1/2-1/2

[Event "MCRE_SF20"]
[Site "?"]
[Date "2009.??.??"]
[Round "2"]
[White "Stika, Vaclav"]
[Black "Kudr, Roman"]
[Result "1/2-1/2"]
[WhiteElo "2130"]
[BlackElo "2223"]
[PlyCount "75"]
[EventDate "2009.??.??"]
[EventType "corr"]

1. e4 g6 2. d4 Bg7 3. Nc3 d6 4. Nf3 c6 5. Be2 Nd7 6. O-O Qc7 7. h3 Ngf6 8. a4
O-O 9. Be3 b6 10. Qd2 Bb7 11. Rfe1 a6 12. e5 dxe5 13. dxe5 Nxe5 14. Nxe5 Qxe5
15. Bxb6 Qd6 16. Rad1 Qxd2 17. Rxd2 Nd5 18. Bd4 Nxc3 19. Bxc3 Rad8 20. Rd3 Rxd3
21. Bxd3 e6 22. Bxg7 Kxg7 23. b4 Rd8 24. f3 Rd4 25. Re4 Rxe4 26. Bxe4 f5 27.
Bd3 Kf6 28. Kf2 Ke5 29. Ke3 Kd6 30. a5 c5 31. b5 axb5 32. Bxb5 e5 33. g3 Bd5
34. f4 e4 35. c3 Be6 36. Be2 Kc6 37. Ba6 Kc7 38. Kd2 1/2-1/2

[Event "MCRE_SF20"]
[Site "?"]
[Date "2009.??.??"]
[Round "1"]
[White "Sojka, Vaclav"]
[Black "Juhasz, Jozef"]
[Result "1/2-1/2"]
[WhiteElo "2200"]
[BlackElo "2199"]
[PlyCount "121"]
[EventDate "2009.??.??"]
[EventType "corr"]

1. Nf3 d5 2. d4 Nf6 3. c4 e6 4. Nc3 Bb4 5. cxd5 exd5 6. Bg5 Nbd7 7. e3 O-O 8.
Qc2 c5 9. dxc5 h6 10. Bh4 g5 11. Bg3 Nxc5 12. Bd3 Bxc3+ 13. Qxc3 Nfe4 14. Bxe4
dxe4 15. Ne5 Qb6 16. O-O Be6 17. b4 Na6 18. Qc2 Qxb4 19. a3 Qe7 20. Qxe4 Nc5
21. Qb4 Rfd8 22. Rad1 Rxd1 23. Rxd1 a5 24. Qb1 Na4 25. Qa1 Rc8 26. Nf3 Nc3 27.
Rd2 b5 28. Be5 Qc5 29. Rc2 b4 30. axb4 axb4 31. h3 Bd5 32. Bd4 Qc4 33. Qb2 Bxf3
34. gxf3 Kh7 35. Kg2 Kg6 36. Qa1 Qd3 37. Rc1 Kh5 38. Qa7 Qf5 39. Qb7 Rc4 40.
Be5 Rh4 41. Rh1 Rc4 42. Bg3 Qd5 43. Qb8 Qe6 44. e4 Qc8 45. Qa7 Kg6 46. h4 g4
47. h5+ Kg7 48. Qe7 Qe6 49. Be5+ Kh7 50. Qf8 gxf3+ 51. Kxf3 f6 52. Ra1 Qh3+ 53.
Bg3 Rc7 54. Qe8 Rg7 55. Ra8 Qg4+ 56. Ke3 Rg8 57. Qxg8+ Qxg8 58. Rxg8 Kxg8 59.
Kd4 f5 60. exf5 Nd5 61. Kc4 1/2-1/2

[Event "MCRE_SF20"]
[Site "?"]
[Date "2009.??.??"]
[Round "2"]
[White "Juhasz, Jozef"]
[Black "Sojka, Vaclav"]
[Result "1-0"]
[WhiteElo "2199"]
[BlackElo "2200"]
[PlyCount "75"]
[EventDate "2009.??.??"]
[EventType "corr"]

1. c4 Nf6 2. d4 e6 3. Nf3 b6 4. g3 Ba6 5. Nbd2 d5 6. Bg2 Be7 7. O-O O-O 8. b3
Bb7 9. cxd5 Bxd5 10. Bb2 Nbd7 11. e3 a5 12. Qe2 Ne4 13. Nxe4 Bxe4 14. a4 Bb4
15. Ne1 Bxg2 16. Nxg2 Rc8 17. e4 Qg5 18. Rac1 c5 19. d5 exd5 20. exd5 Rce8 21.
Qf3 f6 22. Rfd1 Ne5 23. Bxe5 fxe5 24. Qe2 Rf7 25. Ne3 Ref8 26. d6 c4 27. Qxc4
Bc5 28. Qd5 Kh8 29. h4 Qh5 30. Rd2 Bb4 31. Ra2 Rd8 32. Rc7 Rf6 33. d7 Rff8 34.
Nc4 Qf5 35. Nxe5 h5 36. Kg2 Kh7 37. Re2 g6 38. Rc6 1-0

[Event "MCRE_SF20"]
[Site "?"]
[Date "2009.??.??"]
[Round "1"]
[White "Sojka, Vaclav"]
[Black "Pirhala, Ladislav"]
[Result "0-1"]
[WhiteElo "2200"]
[BlackElo "2190"]
[PlyCount "152"]
[EventDate "2009.??.??"]
[EventType "corr"]

1. Nf3 Nf6 2. c4 g6 3. d4 Bg7 4. g3 O-O 5. Bg2 d6 6. O-O Nbd7 7. Nc3 e5 8. e4
c6 9. h3 Qb6 10. d5 Nc5 11. Ne1 Qa6 12. b3 cxd5 13. exd5 Bd7 14. Be3 Rac8 15.
Rc1 Nh5 16. Qc2 b6 17. a4 f5 18. Nb5 f4 19. gxf4 exf4 20. Bd4 Bxd4 21. Nxd4 f3
22. Bxf3 Bxh3 23. Bxh5 gxh5 24. Ng2 Qb7 25. Qc3 Bxg2 26. Kxg2 Ne4 27. Qe3 Rce8
28. Kh2 Qe7 29. Ne6 Qh4+ 30. Qh3 Rxf2+ 31. Rxf2 Qxf2+ 32. Qg2+ Qxg2+ 33. Kxg2
Nc5 34. Nd4 Re4 35. Rd1 Kf7 36. Nf5 Nb7 37. Kf3 Re5 38. Nd4 a5 39. Kf4 Kf6 40.
Rh1 Nc5 41. Kf3 Kg6 42. Nb5 Rf5+ 43. Ke3 Rf6 44. Nd4 Rf7 45. Rg1+ Kh6 46. Rh1
Re7+ 47. Kf3 Kg5 48. Rg1+ Kf6 49. Rh1 Re5 50. Nb5 Rf5+ 51. Ke3 Ke7 52. Nd4 Re5+
53. Kf3 Rg5 54. Rh3 Kf6 55. Nb5 Ke5 56. Rh4 h6 57. Ke3 Rg3+ 58. Kf2 Rg6 59.
Rxh5+ Ke4 60. Rh4+ Kd3 61. Rh3+ Kc2 62. Rc3+ Kd2 63. Rf3 Ne4+ 64. Kf1 h5 65.
Rh3 Rg8 66. Rh2+ Ke3 67. Re2+ Kd3 68. Rh2 Rg6 69. Rh3+ Kd2 70. Nd4 Rg3 71. Rxh5
Rd3 72. Rh2+ Kc3 73. Nb5+ Kxb3 74. Rh4 Re3 75. Rh6 Kxc4 76. Nxd6+ Nxd6 0-1

[Event "MCRE_SF20"]
[Site "?"]
[Date "2009.??.??"]
[Round "2"]
[White "Pirhala, Ladislav"]
[Black "Sojka, Vaclav"]
[Result "1-0"]
[WhiteElo "2190"]
[BlackElo "2200"]
[PlyCount "81"]
[EventDate "2009.??.??"]
[EventType "corr"]

1. e4 c5 2. Nf3 Nc6 3. d4 cxd4 4. Nxd4 Nf6 5. Nc3 e5 6. Ndb5 d6 7. Bg5 a6 8.
Na3 b5 9. Nd5 Be7 10. Bxf6 Bxf6 11. c3 Bg5 12. Nc2 O-O 13. a4 bxa4 14. Rxa4 a5
15. Bc4 Rb8 16. b3 Kh8 17. O-O f5 18. exf5 Bxf5 19. Nce3 Bg6 20. Qg4 e4 21. h4
Bxe3 22. Nxe3 Ne5 23. Qg5 Qc7 24. Rfa1 Bf7 25. Rxa5 Bxc4 26. bxc4 Qf7 27. Qg3
Qf6 28. Rb5 Nd3 29. Ra7 Ra8 30. Rxa8 Rxa8 31. Nf5 g6 32. Nxd6 Nxf2 33. Rb1 Ng4
34. Rf1 Qe6 35. Nf7+ Kg7 36. Qc7 Qc8 37. Qd6 h5 38. c5 e3 39. Ng5 Kh6 40. Qe7
Qg8 41. c6 1-0

[Event "MCRE_SF20"]
[Site "?"]
[Date "2009.??.??"]
[Round "1"]
[White "Sojka, Vaclav"]
[Black "Mudra, Oldrich"]
[Result "0-1"]
[WhiteElo "2200"]
[BlackElo "2175"]
[PlyCount "79"]
[EventDate "2009.??.??"]
[EventType "corr"]

1. d4 Nf6 2. c4 e6 3. Nf3 d5 4. Nc3 c6 5. e3 a6 6. b3 Bb4 7. Bd2 Nbd7 8. Bd3
Qe7 9. O-O O-O 10. Qc2 Re8 11. Ne5 Nxe5 12. dxe5 Ng4 13. f4 g6 14. Be2 Nh6 15.
e4 Rd8 16. Kh1 dxc4 17. Be3 cxb3 18. Qxb3 b5 19. f5 Nxf5 20. exf5 exf5 21. Bg5
Qxg5 22. Qxb4 Be6 23. Qc5 Rd2 24. Rac1 Rad8 25. Rfe1 R8d4 26. a3 Rh4 27. Qg1
Qg3 28. Bf3 c5 29. Re3 Qf4 30. Rce1 Qd4 31. Nb1 Rc2 32. R3e2 Rxe2 33. Rxe2 a5
34. Qe1 b4 35. axb4 Qf4 36. Qg1 axb4 37. Nd2 Qh6 38. g3 Rd4 39. Qb1 Qf8 40. Nb3
{...bily PCL na 40 tahu 172 dnu} 0-1

[Event "MCRE_SF20"]
[Site "?"]
[Date "2009.??.??"]
[Round "2"]
[White "Mudra, Oldrich"]
[Black "Sojka, Vaclav"]
[Result "1-0"]
[WhiteElo "2175"]
[BlackElo "2200"]
[PlyCount "78"]
[EventDate "2009.??.??"]
[EventType "corr"]

1. Nf3 Nf6 2. g3 d5 3. d4 e6 4. Bg2 Be7 5. O-O O-O 6. c4 dxc4 7. Qc2 a6 8. Qxc4
b5 9. Qc2 Bb7 10. Bd2 Be4 11. Qc1 Bb7 12. Bf4 Nd5 13. Nc3 Nxf4 14. Qxf4 Nd7 15.
Ne4 f5 16. Neg5 Bd5 17. Rfc1 h6 18. Nh3 c5 19. Qe3 g5 20. dxc5 Bxc5 21. Rxc5
Nxc5 22. Qxc5 g4 23. Nf4 gxf3 24. exf3 Rc8 25. Qa3 Rc2 26. Qxa6 Rxb2 27. Bf1
Qd7 28. Qb6 Rxa2 29. Re1 Qa7 30. Nxd5 exd5 31. Qg6+ Qg7 32. Qe6+ Kh8 33. Qxd5
Qa7 34. Re2 Rxe2 35. Bxe2 b4 36. Qd6 Kg7 37. Qxb4 Rd8 38. f4 Kg6 39. Bf3 Qd7 {
...cerny PCL na 39 tahu 183 dnu} 1-0

[Event "MCRE_SF20"]
[Site "?"]
[Date "2009.??.??"]
[Round "1"]
[White "Sojka, Vaclav"]
[Black "Kratochvil, Vaclav"]
[Result "1/2-1/2"]
[WhiteElo "2200"]
[BlackElo "2172"]
[PlyCount "121"]
[EventDate "2009.??.??"]
[EventType "corr"]

1. Nf3 Nf6 2. c4 c5 3. Nc3 Nc6 4. d4 cxd4 5. Nxd4 e6 6. Ndb5 d6 7. e4 a6 8. Na3
Qa5 9. Bd2 Bd7 10. Nc2 Be7 11. f4 O-O 12. Bd3 Qc7 13. O-O h6 14. Qf3 Rac8 15.
b4 Be8 16. Rad1 Nd7 17. Ne2 Bf6 18. Qh3 a5 19. a3 axb4 20. axb4 Qd8 21. Ne3 Qb6
22. Kh1 h5 23. Nc2 g6 24. Nc3 Qd8 25. Nb5 Nb6 26. Bc1 Bg7 27. Be3 Na4 28. Be2
Nxb4 29. Nxb4 Bxb5 30. cxb5 Nc3 31. Rde1 Qa5 32. Nd3 Nxe4 33. Bf3 Nc3 34. f5
exf5 35. Bxb7 Rc7 36. Bc6 Nxb5 37. Bf3 Na3 38. Bf4 Nc2 39. Bxd6 Nxe1 40. Rxe1
Rc3 41. Bb4 Qa4 42. Bxc3 Bxc3 43. Rd1 h4 44. g3 hxg3 45. Qxg3 Rd8 46. Qg5 Qa5
47. h4 Qb6 48. h5 Bf6 49. Qg1 Qb3 50. Qf1 g5 51. Be2 Qe6 52. Ne1 Rxd1 53. Bxd1
Kg7 54. Ng2 Qd5 55. Bc2 f4 56. Qa6 Qd4 57. Qc8 f3 58. h6+ Kxh6 59. Qh3+ Kg7 60.
Qxf3 g4 61. Qe2 1/2-1/2

[Event "MCRE_SF20"]
[Site "?"]
[Date "2009.??.??"]
[Round "2"]
[White "Kratochvil, Vaclav"]
[Black "Sojka, Vaclav"]
[Result "0-1"]
[WhiteElo "2172"]
[BlackElo "2200"]
[PlyCount "114"]
[EventDate "2009.??.??"]
[EventType "corr"]

1. e4 c5 2. Nf3 Nc6 3. d4 cxd4 4. Nxd4 Nf6 5. Nc3 e5 6. Ndb5 d6 7. Bg5 a6 8.
Na3 b5 9. Bxf6 gxf6 10. Nd5 Bg7 11. Bd3 Ne7 12. Nxe7 Qxe7 13. c3 f5 14. Nc2 O-O
15. Qh5 f4 16. O-O Bb7 17. Rfe1 Qd7 18. Rad1 Kh8 19. h3 Rae8 20. Kh1 Re6 21.
Qg4 Qe7 22. Qe2 Bc8 23. Qf1 f3 24. Ne3 fxg2+ 25. Qxg2 Rg6 26. Qf3 Bxh3 27. Bf1
Bd7 28. Nf5 Bxf5 29. exf5 Rh6+ 30. Kg1 Qg5+ 31. Bg2 Rg8 32. Kf1 Bf8 33. Bh3 Rh4
34. Re4 d5 35. Rxh4 Qxh4 36. Rxd5 Qc4+ 37. Qd3 Qxa2 38. Rxe5 f6 39. Re6 Qa1+
40. Ke2 Qxb2+ 41. Qd2 Qb3 42. Bf1 Bc5 43. Rxa6 b4 44. cxb4 Bxb4 45. Qd3 Qb2+
46. Kf3 Bc5 47. Be2 Qb7+ 48. Qe4 Qf7 49. Qd3 Qh5+ 50. Ke4 Qh4+ 51. f4 Qh1+ 52.
Bf3 Qe1+ 53. Be2 Rb8 54. Rxf6 Rb4+ 55. Kd5 Rd4+ 56. Qxd4 Bxd4 57. Re6 Qd2 0-1

[Event "MCRE_SF20"]
[Site "?"]
[Date "2009.??.??"]
[Round "1"]
[White "Sojka, Vaclav"]
[Black "Stika, Vaclav"]
[Result "0-1"]
[WhiteElo "2200"]
[BlackElo "2130"]
[PlyCount "90"]
[EventDate "2009.??.??"]
[EventType "corr"]

1. Nf3 c5 2. c4 Nf6 3. Nc3 Nc6 4. d4 cxd4 5. Nxd4 e6 6. Ndb5 Bb4 7. Bf4 O-O 8.
Bc7 Qe7 9. Bd6 Bxd6 10. Qxd6 Qd8 11. e3 Qa5 12. Bd3 a6 13. Nd4 Ne5 14. Rd1
Nxd3+ 15. Rxd3 Ne4 16. Nb3 Qxc3+ 17. bxc3 Nxd6 18. Rxd6 b5 19. Na5 Ra7 20. Kd2
Rc7 21. cxb5 axb5 22. Rb1 Ra7 23. Rxb5 Ba6 24. Rb1 Bc8 25. Nc4 Bb7 26. a4 Bxg2
27. Nb6 Bc6 28. Rb4 f6 29. c4 g5 30. Kc3 Kf7 31. c5 Rb8 32. Rbd4 Ke8 33. f4 Ke7
34. fxg5 fxg5 35. e4 g4 36. e5 h5 37. Rf4 Ra5 38. Rc4 Rf8 39. Kb4 Ra7 40. Rdd4
Kd8 41. Rf4 Rf5 42. Rcd4 Rxe5 43. Rf8+ Ke7 44. Rff4 Rc7 45. Rd2 Re1 0-1

[Event "MCRE_SF20"]
[Site "?"]
[Date "2009.??.??"]
[Round "2"]
[White "Stika, Vaclav"]
[Black "Sojka, Vaclav"]
[Result "1-0"]
[WhiteElo "2130"]
[BlackElo "2200"]
[PlyCount "83"]
[EventDate "2009.??.??"]
[EventType "corr"]

1. e4 c5 2. Nf3 Nc6 3. Bb5 e6 4. O-O Nge7 5. Re1 a6 6. Bxc6 Nxc6 7. d4 cxd4 8.
Nxd4 d6 9. Nc3 Be7 10. Nxc6 bxc6 11. Qg4 Kf8 12. b3 h5 13. Qe2 h4 14. h3 e5 15.
Na4 Be6 16. Be3 Qc7 17. Rad1 Qb7 18. Rd2 Kg8 19. c4 Re8 20. Red1 f5 21. exf5
Bxf5 22. Rxd6 Bxd6 23. Rxd6 Qc7 24. Qd1 Bc2 25. Qd2 Bf5 26. Nc5 Bc8 27. Qd1 Rf8
28. Nd7 Rf5 29. Nb6 Kh7 30. Nxc8 Qxc8 31. Qg4 Rhf8 32. Qe4 Qa8 33. Rxc6 Kg8 34.
c5 R8f7 35. Qa4 R5f6 36. Rb6 Rxb6 37. cxb6 e4 38. Qd4 Re7 39. Bg5 Rf7 40. Bxh4
Qb7 41. a4 Qd7 42. Qc5 1-0

[Event "MCRE_SF20"]
[Site "?"]
[Date "2009.??.??"]
[Round "1"]
[White "Juhasz, Jozef"]
[Black "Pirhala, Ladislav"]
[Result "1/2-1/2"]
[WhiteElo "2199"]
[BlackElo "2190"]
[PlyCount "70"]
[EventDate "2009.??.??"]
[EventType "corr"]

1. c4 Nf6 2. d4 e6 3. Nf3 d5 4. Nc3 c6 5. e3 Nbd7 6. Bd3 dxc4 7. Bxc4 b5 8. Bd3
a6 9. e4 c5 10. d5 Qc7 11. dxe6 fxe6 12. O-O c4 13. Bc2 Bb7 14. Ng5 Nc5 15. e5
Qxe5 16. Re1 Qd6 17. Qxd6 Bxd6 18. Be3 O-O 19. Rad1 Be7 20. Bxc5 Bxc5 21. Nxe6
Rfc8 22. a3 Bb6 23. Nxg7 Ng4 24. Rf1 Rd8 25. Ne6 Rxd1 26. Nxd1 Ne5 27. Nf4 Re8
28. h3 Bc7 29. Nh5 Kf7 30. Ne3 Rd8 31. Ng3 Rd2 32. Rc1 Kg7 33. Ngf1 Rd7 34. Ng3
Rd2 35. Ngf1 Rd7 1/2-1/2

[Event "MCRE_SF20"]
[Site "?"]
[Date "2009.??.??"]
[Round "2"]
[White "Pirhala, Ladislav"]
[Black "Juhasz, Jozef"]
[Result "1/2-1/2"]
[WhiteElo "2190"]
[BlackElo "2199"]
[PlyCount "42"]
[EventDate "2009.??.??"]
[EventType "corr"]

1. e4 c5 2. Nf3 Nc6 3. d4 cxd4 4. Nxd4 e6 5. Nc3 Nf6 6. Ndb5 d6 7. Bf4 e5 8.
Bg5 a6 9. Na3 Be7 10. Bxf6 Bxf6 11. Nd5 b5 12. c3 Rb8 13. Nc2 Bg5 14. a4 bxa4
15. Nce3 Rxb2 16. Qxa4 Bd7 17. Bxa6 Qb8 18. Qd1 Na5 19. Qc1 O-O 20. O-O Nc6 21.
Bc4 Be6 1/2-1/2

[Event "MCRE_SF20"]
[Site "?"]
[Date "2009.??.??"]
[Round "1"]
[White "Juhasz, Jozef"]
[Black "Mudra, Oldrich"]
[Result "1/2-1/2"]
[WhiteElo "2199"]
[BlackElo "2175"]
[PlyCount "86"]
[EventDate "2009.??.??"]
[EventType "corr"]

1. c4 Nf6 2. d4 e6 3. Nf3 d5 4. Nc3 c6 5. e3 a6 6. b3 Bb4 7. Bd2 Nbd7 8. Bd3
Qe7 9. O-O O-O 10. Qc2 Re8 11. Ne5 Nxe5 12. dxe5 Ng4 13. f4 g6 14. Nd1 a5 15.
Be2 Nh6 16. Nf2 Rd8 17. Rfd1 b6 18. cxd5 cxd5 19. Bxb4 Qxb4 20. g4 Kg7 21. Rac1
Bb7 22. Qc7 Rab8 23. Kf1 Rdc8 24. Qd7 Rd8 25. Qb5 Qxb5 26. Bxb5 Rbc8 27. Ke2
Ng8 28. Nd3 Ne7 29. Ne1 Nc6 30. Bxc6 Bxc6 31. Nf3 Bd7 32. Rxc8 Rxc8 33. Kd2 a4
34. h3 axb3 35. axb3 Ra8 36. Rc1 Ra2+ 37. Rc2 Rxc2+ 38. Kxc2 h6 39. h4 h5 40.
g5 Kf8 41. Nd4 Ke8 42. Kb2 Kd8 43. Ka3 Be8 1/2-1/2

[Event "MCRE_SF20"]
[Site "?"]
[Date "2009.??.??"]
[Round "2"]
[White "Mudra, Oldrich"]
[Black "Juhasz, Jozef"]
[Result "1/2-1/2"]
[WhiteElo "2190"]
[BlackElo "2199"]
[PlyCount "144"]
[EventDate "2009.??.??"]
[EventType "corr"]

1. Nf3 d5 2. d4 Nf6 3. c4 e6 4. g3 dxc4 5. Bg2 Bd7 6. Qc2 Bb5 7. Nc3 Bb4 8. O-O
Bc6 9. Rd1 h6 10. Ne5 Bxg2 11. Kxg2 b5 12. a4 c6 13. b3 cxb3 14. Qxb3 Bxc3 15.
Qxc3 a5 16. e4 b4 17. Qc2 O-O 18. Be3 Qe7 19. Rac1 Ra6 20. f3 Nfd7 21. Nc4 Rd8
22. e5 Nf8 23. h4 Qc7 24. Nd6 Ng6 25. Ne4 Nd7 26. Qd2 Rda8 27. Bxh6 gxh6 28.
Qxh6 Qd8 29. Rh1 Qf8 30. Qg5 Kh7 31. f4 Qg7 32. f5 Ngf8 33. Qh5+ Kg8 34. Rhf1
c5 35. Nxc5 Nxc5 36. Rxc5 Rd8 37. Rc7 Rd7 38. Rxd7 Nxd7 39. Rf4 exf5 40. Qxf5
Rg6 41. Qxd7 Rxg3+ 42. Kf2 Rg2+ 43. Ke3 Qg3+ 44. Rf3 Qe1+ 45. Kf4 Qxh4+ 46. Ke3
Qe1+ 47. Kf4 Kg7 48. Qf5 Rg6 49. Rh3 Qc1+ 50. Ke4 Qb1+ 51. Kf4 Qg1 52. Qc8
Qxd4+ 53. Kf3 Qd1+ 54. Ke3 Qg1+ 55. Kf4 Qf2+ 56. Ke4 Rh6 57. Qg4+ Kh7 58. Rg3
Qc2+ 59. Kd4 Qg6 60. Qxg6+ Rxg6 61. Rf3 Kg7 62. Kc4 Re6 63. Kd5 Re8 64. Kd4 Rc8
65. Rf2 Rb8 66. Kd3 Rb7 67. Kc4 Rc7+ 68. Kd4 Rc1 69. Rf5 b3 70. Rf2 Rc7 71. Kd3
Re7 72. Re2 Kg6 1/2-1/2

[Event "MCRE_SF20"]
[Site "?"]
[Date "2009.??.??"]
[Round "1"]
[White "Juhasz, Jozef"]
[Black "Kratochvil, Vaclav"]
[Result "1/2-1/2"]
[WhiteElo "2199"]
[BlackElo "2172"]
[PlyCount "39"]
[EventDate "2009.??.??"]
[EventType "corr"]

1. c4 c5 2. Nf3 Nf6 3. g3 g6 4. Bg2 Bg7 5. O-O O-O 6. Nc3 Nc6 7. d4 cxd4 8.
Nxd4 Qa5 9. Nb3 Qh5 10. h3 d6 11. g4 Bxg4 12. hxg4 Nxg4 13. Bf4 Be5 14. Qd2 g5
15. Bxe5 Ncxe5 16. Rfc1 Nxc4 17. Qd4 Nce3 18. fxe3 Qh4 19. Nd1 Qe1+ 20. Bf1
1/2-1/2

[Event "MCRE_SF20"]
[Site "?"]
[Date "2009.??.??"]
[Round "2"]
[White "Kratochvil, Vaclav"]
[Black "Juhasz, Jozef"]
[Result "1/2-1/2"]
[WhiteElo "2172"]
[BlackElo "2199"]
[PlyCount "88"]
[EventDate "2009.??.??"]
[EventType "corr"]

1. e4 c5 2. Nf3 d6 3. d4 cxd4 4. Nxd4 Nf6 5. Nc3 Nc6 6. f3 e5 7. Nb3 Be7 8. Be3
O-O 9. Qd2 a5 10. Bb5 Be6 11. Rd1 Na7 12. Be2 Nc8 13. Qc1 Qc7 14. Nb5 Qc6 15.
c4 Nb6 16. Nd2 Nh5 17. b3 Nf4 18. Bxf4 exf4 19. Nf1 Nd7 20. Qxf4 a4 21. Qe3
axb3 22. axb3 Ra2 23. Ng3 Bd8 24. O-O Bb6 25. Nd4 Qc5 26. Kh1 Nf6 27. Qd3 Bd7
28. Ndf5 Bxf5 29. Nxf5 Qe5 30. Rd2 Rfa8 31. Rfd1 Bc5 32. Rxa2 Rxa2 33. Nxd6
Rxe2 34. Qxe2 Bxd6 35. g3 g5 36. Qd2 Bc7 37. Qd4 Qe7 38. Kg2 g4 39. f4 Qe6 40.
Ra1 h6 41. Re1 Ba5 42. Re3 h5 43. Qe5 Qb6 44. Rd3 Be1 1/2-1/2

[Event "MCRE_SF20"]
[Site "?"]
[Date "2009.??.??"]
[Round "1"]
[White "Juhasz, Jozef"]
[Black "Stika, Vaclav"]
[Result "1-0"]
[WhiteElo "2199"]
[BlackElo "2130"]
[PlyCount "99"]
[EventDate "2009.??.??"]
[EventType "corr"]

1. d4 Nf6 2. c4 e6 3. Nf3 d5 4. Nc3 c6 5. e3 Nbd7 6. Qc2 Bd6 7. Be2 O-O 8. O-O
dxc4 9. Bxc4 b5 10. Bd3 Bb7 11. Rd1 b4 12. Na4 Qe7 13. e4 e5 14. Nh4 g6 15. Bg5
exd4 16. f4 h6 17. Bxh6 Ng4 18. Bg5 Qe8 19. e5 Ne3 20. Qd2 Be7 21. e6 Ne5 22.
Bxe7 Qxe7 23. fxe5 Qxh4 24. Nc5 Bc8 25. exf7+ Rxf7 26. Rdc1 Rf8 27. e6 Ng4 28.
g3 Qh5 29. Bc4 Kh7 30. Ne4 Qe5 31. Ng5+ Kg7 32. Re1 Ne3 33. Nf7 Rxf7 34. exf7
Bf5 35. Rad1 c5 36. Rxe3 dxe3 37. Qd6 Qxd6 38. Rxd6 Bg4 39. Kf1 a5 40. h3 e2+
41. Kf2 Bxh3 42. Kxe2 a4 43. Kf3 Bf5 44. Kf4 Kf8 45. g4 Bc2 46. Re6 b3 47. axb3
Bxb3 48. Rxg6 Bxc4 49. Rg8+ Kxf7 50. Rxa8 1-0

[Event "MCRE_SF20"]
[Site "?"]
[Date "2009.??.??"]
[Round "2"]
[White "Stika, Vaclav"]
[Black "Juhasz, Jozef"]
[Result "0-1"]
[WhiteElo "2199"]
[BlackElo "2130"]
[PlyCount "62"]
[EventDate "2009.??.??"]
[EventType "corr"]

1. e4 c5 2. Nf3 d6 3. d4 cxd4 4. Nxd4 Nf6 5. Nc3 Nc6 6. Bg5 e6 7. Qd2 Be7 8.
O-O-O O-O 9. f4 h6 10. Bh4 Qa5 11. Nxc6 bxc6 12. Kb1 Kh7 13. g4 g6 14. b3 Qc7
15. g5 Ne8 16. Bf2 h5 17. Bd3 Ng7 18. Rhg1 Rd8 19. Qe2 Kg8 20. Qf3 Rb8 21. h4
Bf8 22. Rgf1 Rb4 23. Bg3 a5 24. Ka1 Bd7 25. Bh2 a4 26. a3 Rdb8 27. Nxa4 d5 28.
Rf2 Qa5 29. Ka2 c5 30. exd5 Bxa4 31. Bc4 Ra8 0-1

[Event "MCRE_SF20"]
[Site "?"]
[Date "2009.??.??"]
[Round "1"]
[White "Pirhala, Ladislav"]
[Black "Mudra, Oldrich"]
[Result "0-1"]
[WhiteElo "2190"]
[BlackElo "2175"]
[PlyCount "84"]
[EventDate "2009.??.??"]
[EventType "corr"]

1. e4 g6 2. d4 Bg7 3. Nc3 c6 4. Nf3 d6 5. Be2 Nf6 6. O-O O-O 7. a4 a5 8. h3 Na6
9. Be3 Nb4 10. Nd2 Qc7 11. Ncb1 Bd7 12. e5 dxe5 13. dxe5 Nfd5 14. Na3 Nxe3 15.
fxe3 Bxe5 16. c3 Nd5 17. Rf3 Rfd8 18. Qc2 Be6 19. Nb3 Nf6 20. Bc4 Bf5 21. Rxf5
gxf5 22. Qxf5 e6 23. Qc2 Nd5 24. Bxd5 exd5 25. Qf5 Bg7 26. Nd4 Qg3 27. Qf2
Qxf2+ 28. Kxf2 Ra6 29. Nac2 Rb6 30. Ra2 c5 31. Nf5 Bf6 32. Na3 h5 33. g4 hxg4
34. hxg4 d4 35. Nc4 Re6 36. Kf3 dxe3 37. Nfxe3 Bg5 38. Ra1 Bxe3 39. Nxe3 Rf6+
40. Kg3 Rd3 41. Re1 Kg7 42. Kg2 Rf4 0-1

[Event "MCRE_SF20"]
[Site "?"]
[Date "2009.??.??"]
[Round "2"]
[White "Mudra, Oldrich"]
[Black "Pirhala, Ladislav"]
[Result "1/2-1/2"]
[WhiteElo "2175"]
[BlackElo "2190"]
[PlyCount "107"]
[EventDate "2009.??.??"]
[EventType "corr"]

1. Nf3 Nf6 2. g3 d5 3. d4 e6 4. Bg2 Be7 5. O-O O-O 6. c4 dxc4 7. Ne5 Nc6 8.
Bxc6 bxc6 9. Nxc6 Qe8 10. Nxe7+ Qxe7 11. Qa4 e5 12. dxe5 Qxe5 13. Qxc4 Be6 14.
Qc2 Bf5 15. Qd2 Bh3 16. Re1 Rad8 17. Qe3 Qd5 18. f3 Ng4 19. Qc3 Rfe8 20. Na3
Qb7 21. Bf4 Qb6+ 22. e3 Qb7 23. e4 Qb6+ 24. Be3 Nxe3 25. Rxe3 Be6 26. Nc2 Rd7
27. Qb4 Red8 28. Qxb6 cxb6 29. Ne1 Rd2 30. b4 g6 31. a3 Rb2 32. Rd3 Rxd3 33.
Nxd3 Rb3 34. Ne5 Kg7 35. Kf2 Rb2+ 36. Kg1 Rb3 37. f4 h6 38. Nc6 Re3 39. Nxa7
Rxe4 40. Nb5 Re2 41. Nd4 Rb2 42. Nxe6+ fxe6 43. Rc1 Ra2 44. Rc6 Kf6 45. Rxb6
Rxa3 46. b5 Ra2 47. Rc6 g5 48. fxg5+ hxg5 49. h3 Kf5 50. h4 Kg4 51. hxg5 Kxg5
52. Rxe6 Kg4 53. Rg6+ Kh5 54. Rd6 1/2-1/2

[Event "MCRE_SF20"]
[Site "?"]
[Date "2009.??.??"]
[Round "1"]
[White "Pirhala, Ladislav"]
[Black "Kratochvil, Vaclav"]
[Result "0-1"]
[WhiteElo "2190"]
[BlackElo "2172"]
[PlyCount "94"]
[EventDate "2009.??.??"]
[EventType "corr"]

1. e4 e5 2. Nf3 Nf6 3. Nxe5 d6 4. Nf3 Nxe4 5. d4 d5 6. Bd3 Be7 7. O-O Nc6 8. c4
Nb4 9. Be2 O-O 10. Nc3 Be6 11. Ne5 f6 12. Nf3 Kh8 13. a3 Nxc3 14. bxc3 Nc6 15.
Qd2 dxc4 16. Re1 Bd5 17. Qd1 Bd6 18. Nd2 Na5 19. Bf3 Bxf3 20. Qxf3 Qd7 21. Ne4
Nb3 22. Ra2 Rfe8 23. Be3 Qc6 24. Nxd6 Qxf3 25. gxf3 cxd6 26. Rae2 d5 27. Bf4
Rxe2 28. Rxe2 g5 29. Bd6 Kg8 30. Re6 Nc1 31. Rxf6 Ne2+ 32. Kf1 Nxc3 33. Rf5 h6
34. Ke1 Re8+ 35. Kd2 Ne2 36. Be5 Ng1 37. Bg3 Rd8 38. Rf6 Rf8 39. Rxh6 Rxf3 40.
Rg6+ Kf7 41. Rxg5 Rxf2+ 42. Kd1 Rd2+ 43. Kxd2 Nf3+ 44. Ke3 Nxg5 45. a4 b6 46.
Bb8 a6 47. Kf4 b5 0-1

[Event "MCRE_SF20"]
[Site "?"]
[Date "2009.??.??"]
[Round "2"]
[White "Kratochvil, Vaclav"]
[Black "Pirhala, Ladislav"]
[Result "1/2-1/2"]
[WhiteElo "2172"]
[BlackElo "2190"]
[PlyCount "61"]
[EventDate "2009.??.??"]
[EventType "corr"]

1. e4 c6 2. d4 d5 3. exd5 cxd5 4. c3 Nc6 5. Nf3 Nf6 6. Bf4 Bg4 7. Qb3 Na5 8.
Qa4+ Bd7 9. Qc2 Qb6 10. Bd3 e6 11. O-O Bb5 12. Bxb5+ Qxb5 13. Nbd2 Be7 14. b4
Nc4 15. a4 Qa6 16. b5 Qa5 17. Nxc4 dxc4 18. Be5 O-O 19. Bxf6 Bxf6 20. Nd2 Qc7
21. f4 Rfd8 22. a5 Rd5 23. Rab1 Qxa5 24. Nxc4 Qc7 25. Ne3 Rd6 26. Rb4 g6 27.
Rc4 Qd7 28. Rb1 a6 29. Ng4 Bg7 30. bxa6 Rdxa6 31. h3 1/2-1/2